01271nam a2200217 a 450000100100000000500170001000800410002704000250006808200160009310000280010924500700013726000600020730000210026750000460028804900090033495201870034395201930053095201930072395201200091699900170103600003492820200930074006.0111021s19uu fr 000 0 spa d aDO-SdBNPbspacBNPHU axxxxbD886v1 aDumas, Alexandre96049513aLe vicomte de bragelonne ou dix ans plus tard /cAlexandre Dumas. aParis :bNelson Éditeurs :bCalmann-Lévy,c[19--?]. a573 p. ;c16 cm. aLa biblioteca posee el v. 2, v. 3 y v. 5. aBNGR 001050718MOaGRbGRcCTd2011-10-21iLF1l0oxxxx D886vp34928-10r2020-06-25w2020-06-25y1zPerteneció a la biblioteca personal de Juan Isidro Jimenes GrullónZNo se presta 001050718MOaGRbGRcCTd2011-10-21iLF1l0oxxxx D886vp34928-20r2020-06-25te. 2w2020-06-25y1zPerteneció a la biblioteca personal de Juan Isidro Jimenes GrullónZNo se presta 001050718MOaGRbGRcCTd2011-10-21iLF1l0oxxxx D886vp34928-30r2020-06-25te. 3w2020-06-25y1zPerteneció a la biblioteca personal de Juan Isidro Jimenes GrullónZNo se presta 001050718MOaGRbGRcCTd2018-04-02iLF1l0oxxxx D886vp34928-40r2020-06-25te. 4w2020-06-25y1ZNo se presta c34419d34419